000
00488nam a2200181Ia 4500
008
090124s9999 xx 000 0 und d
082
_b
12855
_a
3079
100
_a
काणेकर अनंत
245
_a
सोनपिसें
250
_a
1
260
_c
1962
300
_a
117
600
_a
काणेकर अनंत
630
_a
सोनपिसें
700
_a
काणेकर अनंत
730
_a
सोनपिसें
942
_c
BOOK
999
_c
126794
_d
126794